Pokémon - Les attaques de Tentacool - Statistiques

Statistiques générales
  • Ce quiz a été pris 16 fois
  • Le résultat moyen est 9 sur 14
Statistiques - réponses
Niveaux Types Noms des attaques % Correct
Départ Poison Dard-Venin
92%
Niveau 48 Eau Hydrocanon
83%
Niveau 8 Normal Ligotage
83%
Niveau 4 Poison Acide
75%
Niveau 24 Eau Bulles d'O
75%
Niveau 44 Poison Cradovague
75%
Niveau 16 Eau Vibraqua
75%
Niveau 36 Poison Direct Toxik
67%
Niveau 28 Spectre Châtiment
58%
Départ Eau Pistolet à O
58%
Niveau 40 Eau Surf
50%
Niveau 12 Normal Ultrason
50%
Niveau 20 Normal Grincement
42%
Niveau 32 Poison Acidarmure
33%
Aucun quiz correspondant
Distribution des résultats
% des personnes avec chaque résultat
Percentile par nombre de réponses
Votre historique - résultats
Vous n’avez pas pris ce quiz